[Event "Sydney NSW op"]
[Site "Sydney"]
[Date "2025.06.08"]
[Round "5"]
[White "Hu, Jason"]
[Black "Jain, Shaurya R"]
[Result "1/2-1/2"]
[WhiteElo "2183"]
[BlackElo "1965"]
[PlyCount "81"]
[EventDate "2025.06.06"]
[EventType "swiss"]
[EventRounds "7"]
[EventCountry "AUS"]
[SourceTitle "CB24_2025"]
[SourceDate "2025.06.11"]
[SourceVersion "1"]
[SourceVersionDate "2025.06.11"]
[SourceQuality "1"]

1. d4 Nf6 2. Nf3 g6 3. g3 Bg7 4. Bg2 0-0 5. 0-0 d6 6. c4 Nbd7 7. Nc3 e5 8. e3 exd4 9. exd4 c6 10. Bf4 Nb6 11. b3 Bf5 12. Re1 Qd7 13. a4 Rae8 14. Qd2 Ne4 15. Nxe4 Bxe4 16. Rad1 Bxf3 17. Bxf3 d5 18. c5 Nc8 19. Kg2 Rxe1 20. Rxe1 Re8 21. Rd1 Ne7 22. g4 f5 23. g5 Nc8 24. b4 a6 25. b5 axb5 26. axb5 Na7 27. b6 Nb5 28. Qb4 Ra8 29. Be2 Qe8 30. Bxb5 Qe4+ 31. Kg3 cxb5 32. c6 h5 33. h4 Qe2 34. Qd2 Qg4+ 35. Kh2 Qxh4+ 36. Kg1 Qg4+ 37. Kh1 Qh3+ 38. Kg1 Qg4+ 39. Bg3 h4 40. Kg2 Rb8 41. cxb7 1/2-1/2

[Event "Pan American-ch U18 24th"]
[Site "Pocos de Caldas"]
[Date "2013.07.31"]
[Round "9.7"]
[White "Jain, Shaurya R"]
[Black "Ramos Libon, Jean Piere"]
[Result "0-1"]
[WhiteElo "1875"]
[BlackElo "1952"]
[PlyCount "50"]
[EventDate "2013.07.25"]
[EventType "swiss"]
[EventRounds "9"]
[EventCountry "BRA"]
[SourceTitle "EXT 2016"]
[Source "ChessBase"]
[SourceDate "2015.10.08"]
[SourceVersion "1"]
[SourceVersionDate "2015.10.08"]
[SourceQuality "1"]

1. d4 Nf6 2. c4 e6 3. Nc3 Bb4 4. Qc2 d5 5. a3 Bxc3+ 6. Qxc3 h6 7. Bf4 0-0 8. e3 b6 9. Nf3 Bb7 10. Nd2 Nbd7 11. f3 Nh5 12. Bg3 Nxg3 13. hxg3 c5 14. cxd5 exd5 15. 0-0-0 cxd4 16. Qxd4 Nc5 17. Kb1 Qc7 18. Rh4 Rac8 19. Rc1 Qe7 20. Bd3 Nxd3 21. Qxd3 Rxc1+ 22. Kxc1 Qc7+ 23. Qc3 Qxg3 24. Rg4 Qe1+ 25. Kc2 Rc8 0-1

[Event "Pan American-ch U18 24th"]
[Site "Pocos de Caldas"]
[Date "2013.07.28"]
[Round "4.5"]
[White "Jain, Shaurya R"]
[Black "Oliva Meneses, Juan Carlos"]
[Result "1/2-1/2"]
[WhiteElo "1875"]
[BlackElo "2057"]
[PlyCount "116"]
[EventDate "2013.07.25"]
[EventType "swiss"]
[EventRounds "9"]
[EventCountry "BRA"]
[SourceTitle "EXT 2016"]
[Source "ChessBase"]
[SourceDate "2015.10.08"]
[SourceVersion "1"]
[SourceVersionDate "2015.10.08"]
[SourceQuality "1"]

1. d4 Nf6 2. c4 g6 3. Nc3 Bg7 4. e4 d6 5. Nf3 0-0 6. Be2 e5 7. 0-0 Nc6 8. d5 Ne7 9. Ne1 Ne8 10. Nd3 f5 11. Bd2 Nf6 12. f3 f4 13. c5 g5 14. cxd6 cxd6 15. Nf2 h5 16. h3 Ng6 17. Qc2 Rf7 18. Rfc1 a6 19. a4 Bf8 20. a5 b5 21. axb6 Qxb6 22. Na4 Qa7 23. Ba5 g4 24. Nb6 g3 25. Nxa8 Qxf2+ 26. Kh1 Bxh3 27. Bf1 Qa7 28. Nb6 Ng4 29. fxg4 hxg4 30. Ra3 Qe7 31. Kg1 Qh4 32. Be1 f3 33. gxh3 gxh3 34. Bxg3 Qxg3+ 35. Kh1 Bh6 36. Qc8+ Kg7 37. Qxh3 Qxh3+ 38. Bxh3 Bxc1 39. Nc4 Rf6 40. Rxa6 Nf4 41. Nxd6 Kg6 42. Bf1 Kg5 43. Nf5 Rxa6 44. Bxa6 Bxb2 45. d6 Ba3 46. Bc4 Bc5 47. Kh2 Kf6 48. d7 Bb6 49. Nd6 Ke7 50. Nc8+ Kxd7 51. Nxb6+ Kc6 52. Na4 Nh5 53. Kg1 Nf6 54. Bd3 Ng4 55. Kf1 Kd6 56. Ke1 Ke6 57. Bc2 Kf6 58. Bd1 f2+ 1/2-1/2

[Event "Pan American-ch U18 24th"]
[Site "Pocos de Caldas"]
[Date "2013.07.27"]
[Round "3.2"]
[White "Romero Barreto, Jaime Jose"]
[Black "Jain, Shaurya R"]
[Result "1-0"]
[WhiteElo "2188"]
[BlackElo "1875"]
[PlyCount "71"]
[EventDate "2013.07.25"]
[EventType "swiss"]
[EventRounds "9"]
[EventCountry "BRA"]
[SourceTitle "EXT 2016"]
[Source "ChessBase"]
[SourceDate "2015.10.08"]
[SourceVersion "1"]
[SourceVersionDate "2015.10.08"]
[SourceQuality "1"]

1. e4 c5 2. Nc3 Nc6 3. f4 g6 4. Nf3 Bg7 5. Bb5 Nd4 6. 0-0 a6 7. Bc4 e6 8. a4 Ne7 9. d3 Rb8 10. Nxd4 cxd4 11. Ne2 d5 12. Bb3 dxe4 13. dxe4 0-0 14. Ng3 Qa5 15. Kh1 b5 16. e5 Rd8 17. Bd2 Qb6 18. axb5 Qxb5 19. Ba5 Rd5 20. Bxd5 Qxd5 21. b3 h5 22. Bc7 Bb7 23. Rf2 Rc8 24. Bd6 Bf8 25. Ra4 h4 26. Rxd4 Qc6 27. Ne4 Nf5 28. Nf6+ Kh8 29. Bxf8 Nxd4 30. Qxd4 Rxf8 31. f5 g5 32. Qg4 Rd8 33. Qh5+ Kg7 34. Qxg5+ Kf8 35. Nh7+ Ke8 36. Qg8+ 1-0

[Event "Pan American-ch U18 24th"]
[Site "Pocos de Caldas"]
[Date "2013.07.26"]
[Round "1.9"]
[White "Arias, Pablo"]
[Black "Jain, Shaurya R"]
[Result "0-1"]
[WhiteElo "2078"]
[BlackElo "1875"]
[PlyCount "46"]
[EventDate "2013.07.25"]
[EventType "swiss"]
[EventRounds "9"]
[EventCountry "BRA"]
[SourceTitle "EXT 2016"]
[Source "ChessBase"]
[SourceDate "2015.10.08"]
[SourceVersion "1"]
[SourceVersionDate "2015.10.08"]
[SourceQuality "1"]

1. e4 c5 2. Nf3 d6 3. d4 cxd4 4. Nxd4 Nf6 5. Nc3 a6 6. f3 e5 7. Nb3 Be6 8. Be3 Nbd7 9. Qd2 b5 10. 0-0-0 Nb6 11. Qf2 Nc4 12. Bxc4 bxc4 13. Na5 Rc8 14. Bb6 Qd7 15. g4 Be7 16. h3 0-0 17. Rd2 Ne8 18. h4 Nc7 19. Bc5 Nb5 20. Nxb5 Qxb5 21. Bxd6 Bxd6 22. Rxd6 Qxa5 23. Kb1 c3 0-1

[Event "Metropolitan Int U2100"]
[Site "Los Angeles"]
[Date "2012.08.17"]
[Round "2"]
[White "Jain, Shaurya R"]
[Black "Sobel, Simone L"]
[Result "0-1"]
[WhiteElo "1965"]
[BlackElo "1840"]
[PlyCount "48"]
[EventDate "2012.08.16"]
[EventType "swiss"]
[EventRounds "5"]
[EventCountry "USA"]
[SourceTitle "EXT 2014"]
[Source "ChessBase"]
[SourceDate "2013.11.20"]
[SourceVersion "1"]
[SourceVersionDate "2013.11.20"]
[SourceQuality "1"]

1. e4 e6 2. d4 d5 3. Nc3 Bb4 4. e5 c5 5. Bd2 Nh6 6. f4 Nc6 7. Nb5 Bxd2+ 8. Qxd2 0-0 9. Nf3 a6 10. Nd6 cxd4 11. Nxd4 f6 12. Be2 fxe5 13. Nxc6 bxc6 14. fxe5 Nf5 15. Nxc8 Rxc8 16. Bxa6 Rb8 17. b3 Qh4+ 18. Qf2 Qe4+ 19. Qe2 Ne3 20. Kd2 Qxc2+ 21. Kxe3 d4+ 22. Kxd4 Rbd8+ 23. Ke3 Qc5+ 24. Ke4 Qd4# 0-1